Hodnotenie zrozumiteľnosti textu učebnice: Teória zlievarenstva : Záverečná práca

Na minha lista:
Detalhes bibliográficos
Autor principal: Stano, Marián (Author)
Formato: Manuscrito Livro
Idioma:eslovaco
Publicado em: Trnava : STU v Bratislave MtF KIPP, 2004
Assuntos:
Tags: Adicionar Tag
Sem tags, seja o primeiro a adicionar uma tag!

MARC

LEADER 00000ntm a22000003a 4500
001 stu114124
005 20160719155354.5
008 060310s2004----xo------------------slo-d
040 |a STU  |b slo 
041 0 |a slo 
044 |a xo 
100 1 |a Labašová, Eva,  |d 1963-  |4 csl  |u M2000  |U MTF Materiálovotechnologická fakulta  |T MTF Ústav výrobných systémov a aplikovanej mechaniky  |X 1539  |U M2000  |Y 82  |7 A000001539 
245 1 |a Hodnotenie zrozumiteľnosti textu učebnice: Teória zlievarenstva :  |b Záverečná práca 
260 |a Trnava :  |b STU v Bratislave MtF KIPP,  |c 2004 
300 |a 47 s 
650 7 |a inžinierska pedagogika  |2 stusub 
650 7 |a didaktické kritériá  |2 stusub 
650 7 |a učebné texty  |2 stusub 
700 1 |a Stano, Marián  |4 aut 
996 |b 284M072427  |c M*ZP-284  |l MMSKP  |s P  |a 0  |w stu114124_0001